| Tag |
First Indicator |
Second Indicator |
Subfields |
| LEADER |
00000cam a2200000I 4500 |
| 001 |
in00002392913 |
| 005 |
20151109075748.0 |
| 008 |
780526s1957 enk 000 0 eng d |
| 015 |
|
|
|a GB57-7738
|
| 029 |
1 |
|
|a UKM
|b b5707738
|
| 029 |
1 |
|
|a AU@
|b 000008445407
|
| 035 |
|
|
|a (OCoLC)ocm03931814
|
| 035 |
|
|
|a (OCoLC)3931814
|
| 040 |
|
|
|a APL
|c APL
|d UKM
|d TXA
|d UtOrBLW
|
| 049 |
|
|
|a TXAM
|
| 090 |
|
|
|a DA32.3
|b .P53 1957
|
| 092 |
|
|
|a 942
|b C832p
|
| 245 |
0 |
0 |
|a Country Life picture book of English history /
|c with an introduction by Frank Whitaker.
|
| 264 |
|
1 |
|a London :
|b Country Life,
|c [1957]
|
| 300 |
|
|
|a 1 volume (unpaged) , 112 unnumbered leaves of plates ;
|c 29 cm.
|
| 336 |
|
|
|a text
|b txt
|2 rdacontent
|
| 337 |
|
|
|a unmediated
|b n
|2 rdamedia
|
| 338 |
|
|
|a volume
|b nc
|2 rdacarrier
|
| 650 |
|
0 |
|a Country life.
|
| 948 |
|
|
|a cataloged
|b h
|c 2008/7/2
|d c
|e vilik
|f 2:15:49 pm
|
| 994 |
|
|
|a C0
|b TXA
|
| 999 |
|
|
|a MARS
|
| 999 |
f |
f |
|s 3b4b5810-16c0-3a85-bc25-c695c24590e0
|i 0fb7f932-e6b8-3713-a453-906d33dc48c7
|t 0
|
| 952 |
f |
f |
|p ric
|a Texas A&M University
|b Rellis Campus
|c Joint Library Facility
|d Remote Storage
|t 0
|e DA32.3 .P53 1957
|h Library of Congress classification
|i unmediated -- volume
|m A14837264323
|
| 998 |
f |
f |
|a DA32.3 .P53 1957
|t 0
|l Remote Storage
|